To sir with love

Bibliographic Details
Main Author: Adi Alhadi
Format: Book
Published: Kuala Lumpur : Creative Enterprise , 1993
Series:Gila-Gila
Subjects:

MARC

LEADER 00000cam a2200000 7i4500
001 0000008686
002 000009465
005 20000330.0
020 |a 9838932248 
090 0 0 |a F   |b ADI 
100 0 |a Adi Alhadi 
245 1 0 |a To sir with love   |c Adi Alhadi 
260 |a Kuala Lumpur :   |b Creative Enterprise ,   |c 1993 
300 |a 133p. ;   |c 17cm. 
490 0 |a Gila-Gila 
650 0 0 |a General fiction, Malay 
999 |a 042279   |b BUKU   |c PINJAMAN   |e PERPUSTAKAAN KOMUNITI PETALING JAYA